Hackear el periodismo (Registro nro. 184547)

Detalles MARC
000 -ENCABEZADO
Número de control [NR] 00877 a2200253 4500
005 - FECHA Y HORA DE LA ÚLTIMA TRANSACCIÓN
control field 20140903175026.0
008 - DE LONGITUD FIJA DE DATOS DE ELEMENTOS - INFORMACIÓN GENERAL
Elementos de longitud fija [NR] 140217s2011 ag ||||fr|||| 00| 0dspa d
020 ## - NUMERO INTERNACIONAL NORMALIZADO PARA LIBROS [R]
Número Internacional Normalizado del libro [NR] 9789876011341
040 ## - FUENTE DE CATALOGACION [NR]
Agencia de catalogación original [NR] CO-BoUCM
Idioma de catalogación [NR] spa
Quien Cataloga Jose A. Gerena
Quien Clasifica Diana Londoño
041 ## - CODIGO DE IDIOMA [R]
Código de idioma para texto/pista de sonido o título separado [R] Español
100 1# - ASIENTO PRINCIPAL--NOMBRE PERSONAL [NR]
Nombre personal [NR] Mancini, Pablo
ID Autoridad 56410
245 10 - MENCION DE TITULO [NR]
Título [NR] Hackear el periodismo
Parte restante del título [NR] manual de laboratorio
Mención de responsabilidad, etc. [NR] Pablo Mancini ; prólogo de Gumersindo Lafuente
260 ## - PUBLICACION, DISTRIBUCION, ETC. (PIE DE IMPRENTA) [R]
Fecha de publicación, distribución, etc. [R] 2011
Nombre del editor, distribuidor, etc. [R] La Crujía
Lugar de publicación, distribución, etc. [R] Buenos Aires (Argentina)
300 ## - DESCRIPCION FISICA [R]
Extensión [R] 128 páginas
490 ## - MENCION DE SERIE [R]
Mención de serie [R] Futuribles
504 ## - NOTA DE BIBLIOGRAFIA, ETC. [R]
Nota de bibliografía, etc. [NR] Incluye referencias bibliográficas
650 #7 - ASIENTO SECUNDARIO DE MATERIA - TERMINO TEMATICO [R]
Término temático o nombre geográfico como elemento de entrada [NR] Comunicación
9 (RLIN) 56749
650 #7 - ASIENTO SECUNDARIO DE MATERIA - TERMINO TEMATICO [R]
Término temático o nombre geográfico como elemento de entrada [NR] Medios de comunicación de masas
9 (RLIN) 56748
650 #7 - ASIENTO SECUNDARIO DE MATERIA - TERMINO TEMATICO [R]
Término temático o nombre geográfico como elemento de entrada [NR] Periodismo
9 (RLIN) 56747
690 ## - ASUNTO AGREGADO LOCAL DE ENTRADA - TÉRMINO TEMÁTICO (OCLC, RLIN)
9 (RLIN) 42898
Acceso temático local Periodismo
700 1# - ASIENTO SECUNDARIO - NOMBRE PERSONAL [R]
Nombre personal [NR] Lafuente, Gumersindo
Término de relación [R] prólogo
9 (RLIN) 56411
942 ## - ELEMENTOS DE ENTRADA AGREGADOS (KOHA)
Tema principal Generalidades
Tipo de ítem principal el descrito en 300a Libro
Edición 1
Parte restante de la signatura top. M269h
Sistema de clasificación DEWEY
Clasificación 070.4
Existencias
Total préstamos Signatura topográfica Código de barras Última vez visto Ejemplar Costo de reposición Price effective from Tipo de ítem Perdido Sistema de clasificación Dañado No prestable Tipo de ítem específico Suprimido Ubicación habitual Ubicación actual Localización Fecha de creación Proveedor Forma de adquisición Costo
  070.4 M269h 100140316 05/12/2025 Ej.1 55300.00 21/01/2014 Libro   DEWEY     Libro   Claustro Claustro 2do piso 21/01/2014 15 Compra 55300.00